Selected chapters on English lexical semantics
Enregistré dans:
| Auteur principal: | |
|---|---|
| Collectivité auteur: | |
| Autres auteurs: | |
| Format: | Livre |
| Langue: | anglais slovaque |
| Publié: |
Banská Bystrica
Matej Bel University
2013
|
| Collection: | Eruditio Mores Futurum
|
| Sujets: | |
| Tags: |
Pas de tags, Soyez le premier à ajouter un tag!
|
MARC
| LEADER | 00000nam a2200000 4500 | ||
|---|---|---|---|
| 001 | 0194723 | ||
| 005 | 20240226122906.1 | ||
| 020 | |a 978-80-557-0486-9 | ||
| 041 | 0 | |a eng | |
| 041 | 0 | |a slo | |
| 044 | |a SK | ||
| 245 | 1 | 0 | |a Selected chapters on English lexical semantics |c Petra Jesenská, Alena Štulajterová |
| 264 | 1 | |a Banská Bystrica |b Matej Bel University |c 2013 | |
| 300 | |a 127 s. | ||
| 490 | 1 | |a Eruditio Mores Futurum | |
| 830 | 0 | |a Eruditio Mores Futurum | |
| 610 | 2 | 0 | |a jazykoveda |
| 610 | 2 | 0 | |a terminológia |
| 610 | 2 | 0 | |a sémantika |
| 610 | 2 | 0 | |a angličtina |
| 100 | 1 | |a Jesenská, Petra | |
| 700 | 1 | |a Štulajterová, Alena | |
| 710 | 2 | |a Univerzita Mateja Bela. Fakulta humanitných vied | |